00699cam a22002171 4500001001300000003000400013005001700017008004100034010001700075035002000092040001800112042001200130050001500142100004300157245011900200260004100319300001700360500005000377651003700427999001700464d 01000346 DLC20260227111148.0860212m18731882ne 000 0 dut  ad 01000346  a(OCoLC)23413501 aDLCcMiUdDLC apremarc00aDJ241b.K31 aKemper, Jeronimo de Bosch,d1808-1876.00aGeschiedenis van Nederland na 1830.cMet aanteekeningen en onuitgegeven stukken. Door Jhr. Mr. J. De Bosch Kemper. aAmsterdam,bE. S. Witkamp,c1873-82. a5 v.c24 cm. aImprint varies: v. 5, Amsterdam, J. Mùˆller. 0aNetherlandsxHistoryy1830-1849. c18641d18641